Score 0/18 Timer 04:00
3 Plays Today
George % Correct
George W. Bush
98.3%
George Washington
97.7%
George Clooney
97.6%
Curious George
86.5%
George Jetson
81.5%
George Harrison
77.7%
George Foreman
74.4%
George Lucas
70.1%
George Lopez
69.1%
George % Correct
Prince George of Cambridge
66.6%
George Michael
66.3%
George Costanza
59.6%
George Carlin
57.9%
George Jefferson
55%
George Burns
52.2%
King George III
40.2%
George Orwell
26.2%
George Eliot
18.6%
Come Together.
Have Fun.
All Virtual.
We all need to come together. Play Sporcle's virtual live trivia to have fun, connect with people, and get your trivia on. Join a live hosted trivia game for your favorite pub trivia experience done virtually. If a virtual private party is more your thing, go here for details.

You're not logged in!

Compare scores with friends on all Sporcle quizzes.
OR
Log In

Sporcle TV

Today on Sporcle TV


Watch our educational content, quiz creation guides, and fun videos on Sporcle TV.

Show Comments

Extras

Top Quizzes Today


Score Distribution

Paid Content

Your Account Isn't Verified!

In order to create a playlist on Sporcle, you need to verify the email address you used during registration. Go to your Sporcle Settings to finish the process.

Report this User

Report this user for behavior that violates our Community Guidelines.

Details: